[Event "Zuerich Seniors op 08th"]
[Site "Zuerich"]
[Date "2010.01.27"]
[Round "3"]
[White "Moeller, Albrecht"]
[Black "Eigenheer, Emil"]
[Result "1-0"]
[WhiteElo "1863"]
[BlackElo "1759"]
[PlyCount "55"]
[EventDate "2010.01.25"]
[EventType "swiss"]
[EventRounds "9"]
[EventCountry "SUI"]
[SourceTitle "EXT 2022"]
[Source "ChessBase"]
[SourceDate "2021.10.06"]
[SourceVersion "1"]
[SourceVersionDate "2021.10.06"]
[SourceQuality "1"]

1. e4 d6 2. d4 Nf6 3. Bd3 e5 4. c3 Nbd7 5. f4 d5 6. Nd2 dxe4 7. Nxe4 Nxe4 8. Bxe4 exd4 9. cxd4 Bb4+ 10. Kf1 0-0 11. Ne2 Nf6 12. Bf3 Re8 13. h3 Nd5 14. Qb3 Qh4 15. g3 Qe7 16. Qxd5 Be6 17. Qb5 c6 18. Qd3 b5 19. b3 Rad8 20. Bd2 Bc5 21. Bc3 Qd7 22. Rd1 Bxh3+ 23. Bg2 Bf5 24. Qd2 Bg4 25. Re1 Rxe2 26. Rxe2 Bxe2+ 27. Qxe2 Re8 28. Qc2 1-0